| 000 | 00484cam a22001571 4500 | ||
|---|---|---|---|
| 005 | 20250901165250.0 | ||
| 008 | 730116s1962 nyu b 000 0 eng | ||
| 010 | _a 62015362 | ||
| 050 | 0 | 0 |
_aHN80.B7 .G2 _bG2 |
| 082 | 0 | 0 | _a301.45 |
| 100 | 1 | _aGans, Herbert J. | |
| 245 | 1 | 4 |
_aThe urban villagers; _bgroup and class in the life of Italian-Americans. _cForeword by Erich Lindemann. |
| 260 |
_a[New York] _bFree Press of Glencoe _c[1962] |
||
| 300 |
_axvi, 367 p. _c22 cm. |
||
| 942 | _2ddc | ||
| 999 |
_c1253 _d1253 |
||